Le Corbusier, η εκδοχή της μοντέρνας αρχιτεκτονικής του Le Corbusier και η γενικότερη συνεισφορά του στο σύγχρονο κοινωνικό γίγνεσθαι με την χρήση μιας σύγχρονης τεχνολογικής εφαρμογής : διπλωματική εργασία [μεταπτυχιακή εργασία]
Αποθηκεύτηκε σε:
| Κύριος συγγραφέας: | |
|---|---|
| Συγγραφή απο Οργανισμό/Αρχή: | |
| Άλλοι συγγραφείς: | |
| Μορφή: | Thesis Βιβλίο |
| Γλώσσα: | Greek |
| Δημοσίευση: |
2012
|
| Θέματα: | |
| Διαθέσιμο Online: | http://hdl.handle.net/11610/16354 |
| Ετικέτες: |
Προσθήκη ετικέτας
Δεν υπάρχουν, Καταχωρήστε ετικέτα πρώτοι!
|
MARC
| LEADER | 00000cam a2200000 i 4500 | ||
|---|---|---|---|
| 001 | 1/23474 | ||
| 008 | 121019s2012 gre d | ||
| 035 | |l 10113251 | ||
| 040 | |a GR-MY-UA |b gre |e aacr | ||
| 041 | 0 | |a gre | |
| 082 | 0 | |a 720.92 |2 (22) | |
| 100 | 1 | |a Μαυραντώνη, Ελεούσα. | |
| 245 | 1 | 3 | |a Le Corbusier, η εκδοχή της μοντέρνας αρχιτεκτονικής του Le Corbusier και η γενικότερη συνεισφορά του στο σύγχρονο κοινωνικό γίγνεσθαι με την χρήση μιας σύγχρονης τεχνολογικής εφαρμογής : |b διπλωματική εργασία [μεταπτυχιακή εργασία] / |c Μαυραντώνη Ελεούσα ; επιβλέπων: Φιοραβάντες Σπυροβασίλης |
| 260 | |c 2012 | ||
| 300 | |a 125 σ.; |b εικ.; |c 30 εκ. | ||
| 500 | |a Μέλη εξεταστικής επιτροπής: Τσολακίδης Κωνσταντίνος, Καμπουροπούλου Μαίρη | ||
| 502 | |a Διατριβή (μεταπτυχιακή) – Πανεπιστήμιο Αιγαίου, Ρόδος, 2012. | ||
| 504 | |a Βιβλιογραφία: σ. 121-125 | ||
| 600 | 0 | 0 | |a Le Corbusier, |d 1887-1965. |
| 650 | 0 | 0 | |a Architects. |
| 650 | 0 | 0 | |a Architecture, Modern |y 20th century. |
| 650 | 0 | 0 | |a Architectural design. |
| 650 | 0 | 0 | |a Dissertations, Academic |z Greece. |
| 700 | 1 | |a Φιοραβάντες, Βασίλης, |d 1952- |4 ths | |
| 710 | 2 | |a Πανεπιστήμιο Αιγαίου |b Σχολή Ανθρωπιστικών Επιστημών |b Παιδαγωγικό Τμήμα Δημοτικής Εκπαίδευσης |b Πρόγραμμα Μεταπτυχιακών Σπουδών Επιστήμες της Αγωγής - Εκπαίδευση με τη Χρήση Νέων Τεχνολογιών. | |
| 852 | |a INST |b RHODES |c DIATR |e 20121019 |h 720.92 ΜΑΥ |p 005400034591 |q 005400034591 |t MTXE |y 23 | ||
| 852 | |a INST |b RHODES |c DIATR |e 20121019 |h 720.92 ΜΑΥ |p 005400034592 |q 005400034592 |t MTXE |y 23 | ||
| 856 | |u http://hdl.handle.net/11610/16354 | ||
| 901 | |a BIBL4-2012-3 | ||
| 909 | |a Ρ |b 171244 | ||
| 909 | |a Ρ |b 171245 | ||
| 924 | |a ΜΑΥΡΑΝΤΩΝΗ |b ΕΛΕΟΥΣΑ |y ΡΟΔΟΣ |z 2012-03 | ||
| 970 | |z 2012/10/19 | ||